000 00881cac a22002171u 4500
008 081108t2005 xxu||||| |||| 00| 0 eng d
010 _a2004046228
020 _a0321116291
082 0 0 _a004.21
_bBEN
_222
100 _aBenyon, David.
_92725
245 1 0 _aDesigning Interactive Systems :
_bPeople, Activities, Contexts, Technologies /
_cDavid Benyon, Phil Turner, and Susan Turner.
260 _aHarlow, England :
_bAddison-Wesley,
_cc2005.
300 _axxxv, 789 p. :
_bcol. ill. ;
_c25 cm.
504 _6Includes bibliographical references and index.
650 0 _aHuman-computer interaction.
_92726
650 0 _aInteractive computer systems.
_92727
655 _92194
_aHuman Computer Interaction- year 2.
_vtext book
_xComputer Science
_ySemester 2. 2008/2009
700 1 _aTurner, Phil,
_92728
700 1 _aTurner, Susan,
_92729
942 _cBB
_k004.21 BEN
_2ddc
999 _c28316
_d28287